000 00439nam a22001817a 4500
003 NUST - PNEC
005 20170116180847.0
008 150824b xxu||||| |||| 00| 0 eng d
020 _a8121906679
040 _cLIBRARY
082 _a537.TEW
100 _95494
_aTewari, K. K
245 _aElectricity and magnetism
_cK.K Tewari
250 _a1st ed
260 _cc1987/2004
650 _95495
_aElectricity
_xEE.EL
942 _2ddc
_cBK
999 _c64487
_d64487